Egy új vállalkozás számviteli információs rendszerének kialakítása

Bibliográfiai részletek
Szerző: Rajki Nikolett
További közreműködők: Almási Bálint
Dokumentumtípus: Diplomadolgozat
Kulcsszavak:új vállalkozás
számviteli információs rendszer
számviteli szoftver
Online Access:http://dolgozattar.uni-bge.hu/6172

MARC

LEADER 00000nta a2200000 i 4500
001 dolg6172
005 20160518121304.0
008 160518suuuu hu om 000 hun d
040 |a BGE Dolgozattár Repozitórium  |b hun 
041 |a hu 
100 1 |a Rajki Nikolett 
245 1 0 |a Egy új vállalkozás számviteli információs rendszerének kialakítása  |c Rajki Nikolett  |h [elektronikus dokumentum] 
246 1 1 |a Egy új vállalkozás számviteli információs rendszerének kialakítása 
695 |a új vállalkozás 
695 |a  számviteli információs rendszer 
695 |a számviteli szoftver 
700 1 |a Almási Bálint  |e ths 
856 4 0 |u http://dolgozattar.uni-bge.hu/6172/1/Szakdolgozat-%20Rajki%20Nikolett.pdf  |z Dokumentum-elérés 
856 4 0 |u http://dolgozattar.uni-bge.hu/6172/9/Nyilatkpzat_nikinek_pdf.pdf  |z Dokumentum-elérés